Sports Quiz

Random Sports or Football Quiz

Played in Spain and for 2 of 'Big 4' Quiz Stats

Quiz not verified by Sporcle

Challenge
Share
Tweet
Embed
Score 0/7 Timer 10:00
0 Plays Today
Player Name % Correct
Michael Owen
78.3%
Nicolas Anelka
71.2%
Emmanuel Petit
40.5%
Mark Hughes
39.1%
Lassana Diarra
36.8%
Jermaine Pennant
28.6%
Bolo Zenden
27.7%

You're not logged in!

Compare scores with friends on all Sporcle quizzes.
Join for Free
OR
Log In

You Might Also Like...

Show Comments

Extras

Top Quizzes Today


Score Distribution

Your Account Isn't Verified!

In order to create a playlist on Sporcle, you need to verify the email address you used during registration. Go to your Sporcle Settings to finish the process.

Report this User

Report this user for behavior that violates our Community Guidelines.

Details: